Mathematics in action. (Record no. 112775)
[ view plain ]
| 000 -LEADER | |
|---|---|
| fixed length control field | 00286nam a2200121 a 4500 |
| 005 - DATE AND TIME OF LATEST TRANSACTION | |
| control field | 20140414131950.0 |
| 008 - FIXED-LENGTH DATA ELEMENTS--GENERAL INFORMATION | |
| fixed length control field | 110202s19uu xx 00 eng d |
| 050 ## - LIBRARY OF CONGRESS CALL NUMBER | |
| Classification number | TR 372.7 |
| Item number | H76 1991 |
| 100 ## - MAIN ENTRY--PERSONAL NAME | |
| Personal name | Hoffer, Alan |
| 245 ## - TITLE STATEMENT | |
| Title | Mathematics in action. |
| Withdrawn status | Lost status | Damaged status | Home library | Current library | Shelving location | Date acquired | Total Checkouts | Full call number | Barcode | Date last seen | Price effective from | Koha item type |
|---|---|---|---|---|---|---|---|---|---|---|---|---|
| Munich Library | Munich Library | Teachers Reference Section | 02/02/2011 | TR 372.7 H76 1991 | M4165 | 04/14/2014 | 04/14/2014 | Books | ||||
| Munich Library | Munich Library | Teachers Reference Section | 02/16/2011 | TR 372.7 H76 1991 | M4562 | 04/14/2014 | 04/14/2014 | Books |